Роль библиотек в сохранении памяти о Великой Отечественной войне (Запись № 13717484)

Подробности
000 -МАРКЕР
контрольное поле 03458nam0a2200433 4500
001 - ИДЕНТИФИКАТОР ЗАПИСИ
контрольное поле RU\NLR\BIBL_A\022736318
005 - ИДЕНТИФИКАТОР ВЕРСИИ
контрольное поле 20260531100031.0
010 ## - МЕЖДУНАРОДНЫЙ СТАНДАРТНЫЙ НОМЕР КНИГИ (ISBN)
Номер (ISBN) 978-5-904401-15-3
Тираж 100
021 ## - НОМЕР ГОСУДАРСТВЕННОЙ РЕГИСТРАЦИИ
Код страны Российская Федерация
Номер КН-П-25-081448
Номер Листа государственной регистраци КН-П-25-7888
035 ## - ДРУГИЕ СИСТЕМНЫЕ НОМЕРА
Идентификатор записи (NLR Aleph) 022736318
100 ## - ДАННЫЕ ОБЩЕЙ ОБРАБОТКИ
Данные общей обработки 20260225d2025 k y0rusy50 ca
101 0# - ЯЗЫК РЕСУРСА
Язык текста, звукозаписи и т.д. русский
102 ## - СТРАНА ПУБЛИКАЦИИ ИЛИ ПРОИЗВОДСТВА
Страна публикации Российская Федерация
105 ## - ПОЛЕ КОДИРОВАННЫХ ДАННЫХ: ТЕКСТОВЫЕ МАТЕРИАЛЫ, МОНОГРАФИЧЕСКИЕ
Кодированные данные о монографическом текстовом документе a z 110yy
181 #0 - ПОЛЕ КОДИРОВАННЫХ ДАННЫХ: ВИД СОДЕРЖАНИЯ
Код вида содержания (ISBD) i
Код характеристики содержания (ISBD) axxe
182 #0 - ПОЛЕ КОДИРОВАННЫХ ДАННЫХ: ТИП СРЕДСТВА
Код типа средства (ISBD) n - непосредственное
200 1# - ЗАГЛАВИЕ И СВЕДЕНИЯ ОБ ОТВЕТСТВЕННОСТИ
Основное заглавие Роль библиотек в сохранении памяти о Великой Отечественной войне
Сведения, относящиеся к заглавию материалы межрегиональной (с международным участием) научно-практической конференции, посвященной 80-летию Победы в Великой Отечественной войне 1941–1945 годов (г. Оренбург, 17 апреля 2025 г.)
-- сборник
Первые сведения об ответственности Министерство культуры Оренбургской области, Государственное бюджетное учреждение культуры "Оренбургская областная универсальная научная библиотека имени Н. К. Крупской", Общественная палата Оренбургской области
Последующие сведения об ответственности составители : Е. М. Фурсова, А. В. Куличкина
-- научный редактор: Е. С. Бурлакова
203 ## - ВИД СОДЕРЖАНИЯ И ТИП СРЕДСТВА
Вид содержания Текст
Дополнительные сведения об издании визуальный
Тип средства непосредственный
210 ## - ПУБЛИКАЦИЯ, РАСПРОСТРАНЕНИЕ И ДР.
Место издания, распространения и т.д. Оренбург
Имя издателя, распространителя и т. д. Оренбургская областная универсальная научная библиотека им. Н. К. Крупской
Дата издания, распространения и т.д. 2025
215 ## - ФИЗИЧЕСКАЯ ХАРАКТЕРИСТИКА
Специфическое обозначение материала и объем 239 с.
Другие сведения о физической характеристике табл., цв. ил.
Размеры 21
300 ## - ОБЩИЕ ПРИМЕЧАНИЯ
Текст примечания На обл.: 80 Победа!
320 ## - ПРИМЕЧАНИЯ О НАЛИЧИИ В ДОКУМЕНТЕ БИБЛИОГРАФИИ / УКАЗАТЕЛЯ
Текст примечания Библиогр. к конце отд. ст.
606 1# - НАИМЕНОВАНИЕ ТЕМЫ КАК ПРЕДМЕТ
Наименование темы Библиотеки
Формальный подзаголовок Съезды, совещания и т.п
Тематический подзаголовок Пропаганда литературы о Великой Отечественной войне
Хронологический подзаголовок 1941 - 1945
Системный номер авторитетной/нормативной записи 2261764
Идентификатор авторитетной/нормативной записи RU\NLR\AUTH\661356072
606 1# - НАИМЕНОВАНИЕ ТЕМЫ КАК ПРЕДМЕТ
Наименование темы Библиотеки
Формальный подзаголовок Съезды, совещания и т.п
Тематический подзаголовок История
Географический подзаголовок СССР
Хронологический подзаголовок 1941 - 1945
Системный номер авторитетной/нормативной записи 2189985
Идентификатор авторитетной/нормативной записи RU\NLR\AUTH\6601552340
606 1# - НАИМЕНОВАНИЕ ТЕМЫ КАК ПРЕДМЕТ
Наименование темы Патриотическое воспитание
Формальный подзаголовок Съезды, совещания и т.п
Тематический подзаголовок Роль библиотек
Географический подзаголовок Российская Федерация
Системный номер авторитетной/нормативной записи 2335158
Идентификатор авторитетной/нормативной записи RU\NLR\AUTH\6601620067
686 1# - ИНДЕКСЫ ДРУГИХ КЛАССИФИКАЦИЙ
Индекс Ч735.113.34я431
686 1# - ИНДЕКСЫ ДРУГИХ КЛАССИФИКАЦИЙ
Индекс Ч733(2)7я431
686 1# - ИНДЕКСЫ ДРУГИХ КЛАССИФИКАЦИЙ
Индекс Ц4,6(2Р)91я431
702 #1 - ИМЯ ЛИЦА - ВТОРИЧНАЯ ОТВЕТСТВЕННОСТЬ
Начальный элемент ввода Фурсова
Часть имени, кроме начального элемента ввода Е. М.
Код отношения Составитель
702 #1 - ИМЯ ЛИЦА - ВТОРИЧНАЯ ОТВЕТСТВЕННОСТЬ
Начальный элемент ввода Бурлакова
Часть имени, кроме начального элемента ввода Е. С.
Расширение инициалов личного имени Екатерина Сергеевна
Код отношения Редактор
711 12 - НАИМЕНОВАНИЕ ОРГАНИЗАЦИИ - АЛЬТЕРНАТИВНАЯ ОТВЕТСТВЕННОСТЬ
Начальный элемент ввода "Роль библиотек в сохранении памяти о Великой Отечественной войне", межрегиональная (с международным участием) научно-практическая конференция
Место проведения временной организации Оренбург
Дата проведения временной организации 2025
Системный номер авторитетной/нормативной записи 2701968
Идентификатор авторитетной/нормативной записи RU\NLR\AUTH\880640409
712 02 - НАИМЕНОВАНИЕ ОРГАНИЗАЦИИ - ВТОРИЧНАЯ ОТВЕТСТВЕННОСТЬ
Код отношения Издающая организация
Начальный элемент ввода Оренбургская областная универсальная научная библиотека им. Н. К. Крупской
Системный номер авторитетной/нормативной записи 598472
Идентификатор авторитетной/нормативной записи RU\NLR\AUTH\8810049213
942 ## - ДОПОЛНИТЕЛЬНЫЕ ЭЛЕМЕНТЫ ЗАПИСИ (АБИС)
Тип экземпляра АБИС Книга
980 ## - КОЛЛЕКЦИЯ
Название коллекции Национальная библиография

Нет доступных экземпляров.